| Tag |
First Indicator |
Second Indicator |
Subfields |
| LEADER |
00000nam a2200000Ii 4500 |
| 001 |
in00004083321 |
| 005 |
20191113093032.0 |
| 006 |
m o d f |
| 007 |
cr cn||||||||| |
| 008 |
150710e201105 mdua obt f000 0 eng d |
| 027 |
|
|
|a ARL-MR-0779
|
| 035 |
|
|
|a (OCoLC)ocn832117771
|
| 042 |
|
|
|a dc
|
| 040 |
|
|
|a DTICE
|b eng
|e rda
|e pn
|c DTICE
|d OCLCQ
|d GPO
|d MvI
|
| 049 |
|
|
|a WWW
|
| 074 |
|
|
|a 0324-A-04 (online)
|
| 086 |
0 |
|
|a D 101.133/3:0779
|
| 100 |
1 |
|
|a Taylor, D. E.,
|e author.
|
| 245 |
1 |
0 |
|a First principles calculation of stress induced amorphization in armor ceramics /
|c by D.E. Taylor, T.W. Wright, and J.W. McCauley.
|
| 264 |
|
1 |
|a Aberdeen Proving Ground, MD :
|b Army Research Laboratory,
|c May 2011.
|
| 300 |
|
|
|a 1 online resource (vi, 16 pages) :
|b color illustrations
|
| 336 |
|
|
|a text
|b txt
|2 rdacontent
|
| 337 |
|
|
|a computer
|b c
|2 rdamedia
|
| 338 |
|
|
|a online resource
|b cr
|2 rdacarrier
|
| 500 |
|
|
|a "May 2011."
|
| 500 |
|
|
|a "ARL-MR-0779."
|
| 504 |
|
|
|a Includes bibliographical references (pages 10-11).
|
| 513 |
|
|
|a Director's research initiative,
|b FY10.
|
| 588 |
|
|
|a Description based on online resource; title from PDF title page (ARL, viewed Oct. 2, 2019).
|
| 650 |
|
0 |
|a Armor.
|
| 650 |
|
0 |
|a Ceramic materials.
|
| 650 |
|
0 |
|a Boron compounds.
|
| 650 |
|
0 |
|a Carbides.
|
| 700 |
1 |
|
|a Wright, T. W.,
|e author.
|
| 700 |
1 |
|
|a McCauley, James W.,
|e author.
|
| 710 |
2 |
|
|a U.S. Army Research Laboratory,
|e issuing body.
|
| 856 |
4 |
0 |
|u https://purl.fdlp.gov/GPO/gpo126380
|t 0
|
| 999 |
f |
f |
|s a5b0bf5c-83b6-391c-a77e-b2ba369e774e
|i 1de0ceae-e5d1-3c1c-b8cf-ad5f03911f35
|t 0
|
| 952 |
f |
f |
|a Texas A&M University
|b College Station
|c Electronic Resources
|d Available Online
|t 0
|e D 101.133/3:0779
|h Superintendent of Documents classification
|
| 998 |
f |
f |
|a D 101.133/3:0779
|t 0
|l Available Online
|